000 00522nam a2200181Ia 4500
008 100920s9999 xx 000 0 und d
082 _b17079
_a4 थ 59
100 _aKhrushchovs N.S.
245 _aTO LIVE IN PEACE AND FRIENDSHIP.
260 _bSOVIET LAND BOOKLETS , DELHI.
_c1959
300 _a241
_bसाधी
365 _b0.75
520 _aई. एल.डी.
630 _aTO LIVE IN PEACE AND FRIENDSHIP.
650 _aई. एल.डी.
730 _aTO LIVE IN PEACE AND FRIENDSHIP.
942 _cBOOK
999 _c679510
_d679507